Loading...
| History - European | 0 | 8 | 0 | 1 | 80 | 46 | 76.00 | 6 | 8 | 31.07 | 74.00 |
| History - American | 0 | 7 | 1 | 0 | 65 | 35 | 59.57 | 4 | 7 | 36.45 | 60.00 |
| History - Other | 0 | 3 | 0 | 0 | 30 | 39 | 62.33 | 1 | 3 | 15.03 | 26.00 |
| History - World | 0 | 4 | 2 | 1 | 30 | 70 | 96.25 | 1 | 2 | 8.77 | 20.00 |
| Mythology | 0 | 3 | 0 | 1 | 30 | 45 | 82.67 | 0 | 3 | 11.08 | 20.00 |
| Science - Chemistry | 0 | 4 | 2 | 0 | 30 | 54 | 64.75 | 4 | 4 | 17.32 | 40.00 |
| Fine Arts - Painting and Sculpture | 0 | 2 | 0 | 0 | 20 | 70 | 97.50 | 0 | 1 | 4.20 | 10.00 |
| Religion | 0 | 2 | 1 | 0 | 15 | 47 | 71.00 | 2 | 2 | 7.20 | 20.00 |
| Social Science | 0 | 1 | 0 | 0 | 10 | 75 | 75.00 | 0 | 0 | 3.12 | 2.00 |
| Geography | 0 | 1 | 0 | 0 | 10 | 54 | 54.00 | 1 | 1 | 29.07 | 50.00 |
| Literature - American | 0 | 1 | 0 | 0 | 10 | 99 | 99.00 | 1 | 1 | 2.93 | 10.00 |
| Philosophy | 0 | 1 | 1 | 0 | 5 | 104 | 104.00 | 0 | 1 | 1.68 | 6.00 |
| Science - Other | 0 | 0 | 1 | 0 | -5 | 0.00 | 0 | 0 | 0.00 | 0.00 |